00398nam a2200133 a 450000100100000000500170001000800410002704000250006808200220009324500270011526000410014230000460018371000350022900004734720201002060508.0110407s1977 dr ac r 000 0 spa d aDO-SdBNPbspacBNPHU axxxxbL697a, 197700aLibro del año 1977 . aSanto Domingo :b[Babeque],c[1977]. a41 P. :bil., retrs. , gráfs. ;c28 cm.2 aBabeque (Republica Dominicana)